| Поле | Название | Значение |
| |
Тип записи |
i |
| |
Библиографический уровень |
m |
| 001 |
Контрольный номер |
IZD\1С\2007\4601546071682 |
| 005 |
Дата корректировки |
20201206205019.0 |
| 010 |
Индекс ISBN |
__ |
| a |
ISBN |
978-5-9677-1184-8 (в кор.) |
| d |
Цена |
160-18 |
| 100 |
Данные общей обработки |
__ |
| a |
Данные общей обработки |
19160929d2009||||||| 0engy0189 ca |
| 101 |
Язык документа |
0_ |
| a |
Язык текста |
eng |
| a |
Язык текста |
rus |
| 102 |
Страна публикации |
__ |
| a |
Страна публикации |
RU| |
| 105 |
Кодированные данные (монография) |
__ |
| a |
Кодированные данные (монография) |
nn|||||||||zy |
| 127 |
Кодированные данные (звукозаписи-физические характеристики) |
__ |
| a |
Продолжительность проигрывания |
01 ч 10 мин |
| 200 |
Заглавие и сведения об ответственности |
1_ |
| a |
Заглавие |
Happy New English! |
| e |
Сведения, относящиеся к заглавию |
Best funny stories & Jokes : улыбнитесь по-английски! : [лучший новогодний подарок для изучающего английский язык! : 12+] |
| f |
Первые сведения об ответственности |
исполняет Джон Фрейзер |
| b |
Общее обозначение материала |
Звукозапись |
| 200 |
Заглавие и сведения об ответственности |
__ |
| d |
Параллельное заглавие |
Лучшие смешные истории и анекдоты |
| 210 |
Выходные данные |
__ |
| a |
Место издания |
Москва |
| c |
Издательство |
1С-Паблишинг |
| d |
Дата издания |
2014 |
| 215 |
Физическое описание |
__ |
| a |
Объем |
1 электрон. опт. диск (Audio CD) |
| c |
Иллюстрации/тип воспроизводства |
зв. |
| d |
Формат |
12х14 см |
| 225 |
Серия |
__ |
| a |
Серия |
1С: Аудиокниги |
| 230 |
Специфическая характеристика материала: электронные ресурсы |
__ |
| a |
Обозначение и объем ресурса |
Электронные звуковые данные |
| 300 |
Общие примечания |
__ |
| a |
Общие примечания |
Заглавие с этикетки диска |
| 300 |
Общие примечания |
__ |
| a |
Общие примечания |
На английском языке |
| 323 |
Примечание о главных создателях, исполнителях, участниках |
__ |
| a |
Примечание о главных создателях, исполнителях, участниках |
Фрейзер, Д. (читает) |
| 330 |
Аннотация |
__ |
| a |
Аннотация |
Лучший новогодний подарок для тех, кто изучает английский язык. Над чем будут хохотать англичане на новогодней вечеринке? Купите и послушайте! Вы не только посмеетесь и поднимите себе настроение под Новый год, но и пополните свой словарный запас, а также научитесь понимать нюансы знаменитого английского юмора. Уровень- Pre-Intermediate & Intermediate. |
| 333 |
Примечание о целевом назначении |
__ |
| a |
Примечание о целевом назначении |
12+. Для детей старше 12 лет |
| 337 |
Примечание о системных требованиях (электронные ресурсы) |
__ |
| a |
Примечание о системных требованиях (электронные ресурсы) |
Системные требования: MS Windows ; Pentium 100 ; RAM 16 Mb ; монитор SVGA, 800x600 ; устройство чтения CD/DVD-ROM ; звуковая карта ; колонки или наушники ; мышь или аудиосистемы |
| 606 |
Тематические рубрики |
__ |
| a |
Основная рубрика |
Художественная литература |
| 606 |
Тематические рубрики |
__ |
| a |
Основная рубрика |
Литература Европы (произведения) |
| 610 |
Ключевые слова |
__ |
| a |
Ключевые слова |
английская литература |
| a |
Ключевые слова |
английский фольклор |
| a |
Ключевые слова |
английский юмор |
| a |
Ключевые слова |
английский язык |
| a |
Ключевые слова |
анекдоты |
| a |
Ключевые слова |
аудирование |
| a |
Ключевые слова |
тема Нового года |
| a |
Ключевые слова |
тема юмора |
| a |
Ключевые слова |
юмористическая литература |
| 686 |
Индексы других классификаций |
__ |
| 2 |
Код системы |
rubbks |
| a |
Классификационный индекс |
84(4Вел)6-4я04 |
| 801 |
Источник записи |
_0 |
| a |
Страна |
RU |
| b |
Организация |
Муниципальное бюджетное учреждение культуры "Централизованная библиотечная система" г. Сургут (Центральная городская библиотека им. А. С. Пушкина) |
| c |
Дата составления |
20160929 |
| g |
Правила каталогизации |
КиК/Котельникова |
| 801 |
Источник записи |
_1 |
| a |
Страна |
RU |
| b |
Организация |
Муниципальное бюджетное учреждение культуры "Централизованная библиотечная система" г. Сургут (Центральная городская библиотека им. А. С. Пушкина) |
| c |
Дата составления |
20160929 |
| g |
Правила каталогизации |
КиК/Котельникова |
| 852 |
Данные о местонахождении |
__ |
| j |
Шифр хранения |
84(4Вел)6-4я04 |
| i |
Авторский знак |
H 23 |
| 901 |
Тип документа |
__ |
| t |
Тип документа |
0 |
| 903 |
Характеристики (МАРС) |
__ |
| a |
Дата передачи |
20160929 |
| 969 |
Тип издания |
__ |
| a |
Тип издания |
аудиокнига; издание для слепых |
| 990 |
Данные о заказе (DOS) |
__ |
| j |
Количество экземпляров (DOS) |
1 |
| t |
N записи в КСУ для И/У (DOS) |
201609 |